| 000 | 00620nam a22001937a 4500 | ||
|---|---|---|---|
| 003 | OSt | ||
| 005 | 20250731060001.0 | ||
| 008 | 250731b |||||||| |||| 00| 0 eng d | ||
| 020 | _a9789719919834 | ||
| 040 |
_aDWCL-Main lib _cOC |
||
| 082 | _aFil. 657.3 V173t 2015 | ||
| 100 | _aValix, Conrado T. | ||
| 245 |
_aTheory of accounts : _bCPA examination, volume one/ _cConrado T. Valix |
||
| 250 | _a 2015 edition | ||
| 260 |
_a Manila : _b GIC Enterprises, _c c2015. |
||
| 300 |
_aix, 902 pages ; _c 23 cm. |
||
| 650 | _a1. Accounting--Examinations, questions, etc. | ||
| 942 |
_2ddc _cBK - FIL _e2015 edition _kFil. _n0 |
||
| 999 |
_c3921 _d3921 |
||